000 00437nam a2200157 a 4500
001 000019875
005 20200929170155.0
008 760325s1975 xxc 000 0 eng
020 _a0770513212
040 _aDO-SdBNP
_beng
_cBNPHU
082 _axxxx
_bxxxx
100 1 _aMiller, Orlo,
_d1911-
_942406
245 1 0 _aDeath to the Donnellys /
_cOrlo Miller.
260 _aToronto :
_bMacmillan of Canada,
_c1975.
300 _a228 p. ;
_c22 cm.
999 _c19388
_d19388